MARC

LEADER 00000nam0a2200000 4500
001 81599
005 20241025063146.0
035 |a (RuTPU)RU\TPU\book\87708 
035 |a RU\TPU\book\87705 
090 |a 81599 
100 |a 20050922d1980 m y0rusy50 ca 
101 0 |a rus 
102 |a RU 
105 |a a z 000ay 
200 1 |a Вишневый сад  |e пьеса  |f А. П. Чехов 
210 |a Москва  |c Детская литература  |d 1980 
215 |a 95 с.  |c ил. 
225 1 |a Школьная библиотека 
610 1 |a русская литература 
610 1 |a драматургия 
610 1 |a пьесы 
675 |a Р1  |v 3 
700 1 |a Чехов  |b А. П.  |c русский писатель  |f 1860-1904  |g Антон Павлович  |7 ca  |8 rus  |2 stltpui  |3 (RuTPU)RU\TPU\pers\1035  |9 458 
801 1 |a RU  |b 63413507  |c 20050921  |g PSBO 
801 2 |a RU  |b 63413507  |c 20051004  |g PSBO 
942 |c BK